| 000 | 00776nam a22002297a 4500 | ||
|---|---|---|---|
| 003 | OSt | ||
| 005 | 20230831095905.0 | ||
| 008 | 221006b |||||||| |||| 00| 0 eng d | ||
| 040 | _cBiblioteca Lado V | ||
| 082 |
_a708 _bG592c |
||
| 100 |
_91006 _aGody, John _eautor |
||
| 245 | _aColección John Gody selección/ | ||
| 260 |
_bXV Bienal de Arte Paiz 2006 _c2006 _aGuatemala |
||
| 300 |
_c28x21.5cm _a32p. |
||
| 366 | _espa | ||
| 650 |
_2Tesauro de Arte & Arquitectura _aARTE _9703 |
||
| 650 |
_2Tesauro de Arte & Arquitectura _aPINTURA _9702 |
||
| 650 |
_2Tesauro de Arte & Arquitectura _aESCULTURA _9702 |
||
| 650 |
_2Tesauro de Arte & Arquitectura _aLITOGRAFIA |
||
| 650 |
_2Tesauro de Arte & Arquitectura _aGRABADO |
||
| 942 |
_2ddc _c1 _h708 _iG592c _n0 |
||
| 999 |
_c4256 _d4256 |
||